Statistics for Top 10 Metallica Songs

Click here to take the quiz!

General Stats

  • This quiz has been taken 3,080 times
  • The average score is 6 of 10

Answer Stats

HintAnswer% Correct
4.Enter Sandman
96%
1.Master of Puppets
92%
2.One
85%
5.Nothing Else Matters
81%
3.Fade to Black
67%
6.For Whom the Bell Tolls
61%
7.The Unforgiven
54%
8.Creeping Death
42%
9.Welcome Home (Sanitarium)
22%
10.The Day That Never Comes
13%

Score Distribution

Percentile by Number Answered

Percent of People with Each Score

Your Score History

You have not taken this quiz